00753 2200265 4500001002100000005001700021008004100038020001800079035002400097090001900121100001900140245009700159250001000256260003700266300002700303500002600330650002900356700002300385700001500408850001500423980001300438985000600451999001500457999001500472YOGYA-0209000006046320090227035803.0 ind  a979-514-585-1 0010-020900000060463 a420bSud ElQT aSUDANA, Dadang aEnglish for science educationcDadang Sudana; editor, Chaedar Alwasilah; ilustrasi A.Rochman aCet.1 aBandungbRemaja Rosdakaryac1996 av, 70 hlmbilusc29 cm aBibliografi : hlm. 70 aPelajaran Bahasa Inggris aAlwasilah, Khaedar aRakhman, A aYOPDYOG(B) a07-08-08 a2 a00B0001547 a00B0001551